Statistiques concernant Chaîne de mots - Harry Potter

Cliquez ici pour prendre le quiz!

Statistiques générales

  • Ce quiz a été pris 837 fois
    (826 depuis la dernière actualisation)
  • Le résultat moyen est 19 sur 30

Statistiques - réponses

IndiceRéponse% Correct
Auteure de la sagaRowling
96%
Maison symbolisée par le lionGryffondor
94%
Professeur de potionsRogue
93%
Prison des sorciersAzkaban
92%
Pour éclairer avec sa baguetteLumos
91%
Serpent de Lord VoldemortNagini
83%
Celles de la Mort sont troisReliques
83%
Vendeur de baguettesOllivander
80%
Certains sont dits "de maison"Elfes
79%
Incantation réparatriceReparo
79%
Demi-géant garde-chasseHagrid
78%
Famille de Fleur et GabrielleDelacour
70%
Ecole des sorciers britanniquePoudlard
70%
Cours assuré par McGonagallMétamorphose
69%
Balai: ___ de feuEclair
67%
Sortilège impardonnableImperium
65%
Balle au QuidditchSouaffle
63%
Maison des WeasleyTerrier
61%
L'un d'eux est "cogneur"Saule
56%
Se téléporter grâce à la magieTransplaner
56%
Professeur, auteur et escrocLockhart
55%
Ecole dirigée par KarkaroffDurmstrang
53%
Cheval ailé associé à la mortSombral
50%
Hibou des WeasleyErrol
47%
Nom de naissance de LilyEvans
47%
Frère d'Albus et ArianaAbelforth
43%
Demi-frère du garde-chasseGraup
37%
Serveuse aux Trois BalaisRosmerta
23%
Démon des eauxStrangulot
21%
Sortilège hilarantRictusempra
16%

Distribution des résultats

Percentile par nombre de réponses

% des personnes avec chaque résultat

Votre développement - résultats

Vous n’avez pas pris ce quiz depuis la dernière actualisation